000 00909nam a2200289 i 4500
001 6764
003 ES-MaACL
005 20230906145102.0
007 t|
008 900319s1988 sp a |||| | spa d
020 _a84-320-5865-3
080 _a323(46)"1975/1978"
080 _a9(46)"1975/1978"
100 1 _aSánchez-Terán, Salvador.
_9102951
245 1 0 _aDe Franco a la Generalitat /
_cSalvador Sanchez Teran ; epilogo de Josep Tarradellas.
250 _a1ª ed.
260 _aBarcelona :
_bPlaneta,
_c1988.
300 _a331 p. :
_bil. ;
_c24 cm.
490 1 _aEspejo de España ;
_v138
500 _aÍndice.
651 4 _aCataluña-
_xPolítica y gobierno-
_y1975-1980.
_9168629
651 4 _aEspaña-
_xPolítica y gobierno-
_y1975-1982.
_98447
700 1 _aTarradellas, Josep.
_9109321
830 0 _aEspejo de España ;
_v138
_9177692
852 _aES-MaACL
_jL-13945
999 _c6764
_d6764